000 00623nam a2200229Ia 4500
003 OSt
005 20220924123414.0
006 a|||||r|||| 00| 0
007 ta
008 220923b |||||||| |||| 00| 0 tam d
024 _a350861
037 _cTextual
040 _aARTS
_cARTS
_btam
041 _2tam
_atam
082 _aO31,1N681x, P3
100 _aSalma Au.
_9192685
245 0 _aOru maalaiyum innoru maalaiyum
260 _aNagercoil
_bKalachuvadu pathippagam India
_c2003
650 _aTAMIL POETRY
942 _hO31,1N681x, P3
_cTEXL
_2CC
999 _c415566
_d415566